书目信息 |
| 题名: |
鲁迅选集
|
|
| 作者: | 鲁迅 著 | |
| 分册: | 第一册 | |
| 出版信息: | 北京 人民文学出版社 1983 |
|
| 页数: | 478页 | |
| 开本: | 21cm | |
| 丛书名: | ||
| 单 册: | ||
| 中图分类: | I210.2 | |
| 科图分类: | ||
| 主题词: | 鲁迅著作--选集 | |
| 电子资源: | ||
| ISBN: | ||
| 000 | 00615nam0 2200241 45 | |
| 001 | 0183007310 | |
| 005 | 20040413160956.0 | |
| 010 | @dCNY1.45 | |
| 091 | @a10019.3566 | |
| 100 | @a19950509d1983 em y0chiy0121 ea | |
| 101 | 0 | @achi |
| 102 | @aCN@b110000 | |
| 105 | @ay z 000zy | |
| 106 | @ar | |
| 200 | 10 | @a鲁迅选集@Alu xun xuan ji@h第一册@f鲁迅著 |
| 210 | @a北京@c人民文学出版社@d1983 | |
| 215 | @a478页@d21cm | |
| 606 | @a鲁迅著作@x选集 | |
| 690 | @aI210.2@v3 | |
| 701 | 0 | @a鲁迅@Alu xun@4著 |
| 801 | 0 | @aCN@b上海图书馆@c20040413 |
| 801 | 2 | @aCN@bNLC@c20040413 |
| 905 | @f4@b144006-009@dI210.2@e103:1 | |
| 鲁迅选集.第一册/鲁迅著.-北京:人民文学出版社,1983 |
| 478页;21cm |
| ISBN :CNY1.45 |
| ● |
| 相关链接 |
|
|
|
|
正题名:鲁迅选集
索取号:I210.2/103:1
 
预约/预借
| 序号 | 登录号 | 条形码 | 馆藏地/架位号 | 状态 | 备注 |
| 1 | 0144006 | 001403635 | 密集书库/ [索取号:I210.2/103:1] | 在馆 | |
| 2 | 0144007 | 001403644 | 第一样本阅览室/ [索取号:I210.2/103:1] | 在馆 | |
| 3 | 0144008 | 001403626 | 第二借阅区/ [索取号:I210.2/103:1] | 在馆 | |
| 4 | 0144009 | 000058109 | 第二借阅区/ [索取号:I210.2/103:1] | 在馆 |